| 000 | 00000nam##2200000za#4500 |
| 001 | 9.682515 |
| 003 | CaOODSP |
| 005 | 20210615132947 |
| 007 | ta |
| 008 | 150407|2004||||xxc||||| f|0| 0 fre|d |
| 020 | |a0-662-76874-4 |
| 040 | |aCaOODSP|bfre |
| 043 | |an-cn--- |
| 086 | 1 |aCW66-239/2004F |
| 110 | 2 |aService canadien de la faune. |
| 245 | 13|aLe Programme des dons écologiques - confirmation que les dons écologiques sont admissibles pour une partie de la valeur |
| 260 | |aOttawa - Ontario : |bEnvironnement Canada. |c2004. |
| 300 | |a2p. : |bphotographies ; |c28 cm. |
| 500 | |aPour obtenir de plus amples renseignements, veuillez communiquer avec le Programme des dons écologiques: ecogifts@ec.gc.ca |
| 563 | |aDépliant |
| 590 | |a07-32|b2007-08-10 |
| 691 | 07|aProgramme relatif à l'environnement|2gcpds |
| 691 | 07|aAire de conservation|2gcpds |
| 691 | 07|aDon|2gcpds |
| 691 | 07|aRéglementation en matière de taxation|2gcpds |
| 775 | 08|tThe Ecological Gifts Program - confirmation that ecogifts are eligible for split-receipting |w(CaOODSP)9.649270 |
| 776 | 0#|tLe Programme des dons écologiques - confirmation que les dons écologiques sont admissibles pour une partie de la valeur |w(CaOODSP)9.631420 |